000 01050cam a2200301 a 4500
001 6924
003 BD-RjUL
005 20211208234335.0
008 140112s2001 ii a b 110 0 eng
020 _a817319419X
035 _a(BD-RjUL)6966
_a(DLC) 2004307564
040 _aDLC
_cDLC
_beng
_dBD-RjUL
041 _aeng
082 0 0 _a512
_bALG 2001
245 1 0 _aAlgebra and its applications /
_ceditors, S. Tariq Rizvi, Murtaza A. Quardi, M. Ashraf.
260 _aNew Delhi :
_bNarosa Pub. House,
_cc2001.
300 _axiii, 315 p. :
_bill. ;
_c25 cm.
504 _aIncludes bibliographical references.
520 _aFestschrift for Syed Mahammad Abdul Kazim Rizvi, 1918-1980, Indian mathematician; contributed papers presented at the Conference.
650 0 _aAlgebra
_vCongresses.
_921716
700 1 _aRizvi, S. Tariq.
_921717
700 1 _aQuardi, Murtaza A.
_921718
700 1 _aAshraf, Mohammad,
_d1959-
_921719
700 1 _aKazim, M. A.,
_d1918-1980.
_921720
942 _2ddc
_cBK
999 _c6924
_d6924